00477nam a22001457a 4500003000400000008004100004082001800045100002500063245014000088260003200228300000900260502001500269650003000284650001700314OSt260427b |||||||| |||| 00| 0 eng d a635.642bT29C aTewary, Hare Krishna aComparative Studies on the Performances of Jalshakti and Organic Mulch in Economising Irrigation on Tomato (Solanum lycopersicum Mill.) aPusa, SamastipurbRAUc1993 a80P. bMsc.d1993 aVegetables & Floriculture aHorticulture